000 00533nam a22001697a 4500
005 20251108173357.0
008 250721s9999 xx 000 0 ara d
082 1 4 _a709.02/محم
100 1 _aمحمد، سعاد ماهر
245 1 0 _aالفنون الإسلامية /
264 1 _aالشارقة :
_bدائرة الثقافة والإعلام،
_c[200-].
300 _a439ص.
490 0 _aمكتبة الفنون التشكيلية 12
650 1 7 _aالفنون الإسلامية
942 _2ddc
_cBK
999 _c102467
_d102467